MARC details
| 000 -CABECERA |
| campo de control de longitud fija |
02637nab a2200277 a 4500 |
| 005 - FECHA Y HORA DE LA ÚLTIMA TRANSACCIÓN |
| campo de control |
20250318085234.0 |
| 008 - ELEMENTOS DE LONGITUD FIJA--INFORMACIÓN GENERAL |
| campo de control de longitud fija |
991125c2017 cr tr p o 000 0 spa d |
| 035 ## - NÚMERO DE CONTROL DEL SISTEMA |
| Número de control de sistema |
UPN01000217579 |
| 040 ## - FUENTE DE LA CATALOGACIÓN |
| Centro catalogador/agencia de origen |
UPN |
| Lengua de catalogación |
spa |
| Centro/agencia transcriptor |
UPN |
| Normas de descripción |
aacr2 |
| 049 ## - COLECCIÓN |
| Colección |
ART-E |
| 100 1# - ASIENTO PRINCIPAL--NOMBRE PERSONAL |
| Nombre de persona |
Galván Ruiz, Jeanette Leticia |
| Enlace |
- jeanettegalvan91@gmail.com |
| 100 1# - ASIENTO PRINCIPAL--NOMBRE PERSONAL |
| Nombre de persona |
García Cedillo, Ismael |
| 9 (RLIN) |
32796 |
| 245 10 - MENCIÓN DE TÍTULO |
| Título |
Actitudes de los pares hacia niños y niñas en condición de discapacidad |
| Medio |
[recurso electrónico en línea] |
| 506 0# - NOTA DE RESTRICCIONES AL ACCESO |
| Limitaciones de acceso |
Acceso abierto |
| 520 3# - NOTA DE RESUMEN, ETC. |
| Sumario, etc. |
Un factor importante en la integración exitosa de estudiantes con discapacidad a las escuelas regulares se relaciona con la actitud de sus pares sin discapacidad. La presente investigación tuvo como objetivo principal analizar cómo los ambientes escolares integradores influyen en las actitudes de niños y niñas hacia las personas con discapacidad. Se habla de integración y no de inclusión porque, aunque en el discurso oficial México promueve la educación inclusiva, la realidad de las escuelas y de las aulas muestra que se hace integración. La investigación fue descriptiva, de corte cuantitativo, con una muestra de 90 estudiantes de escuelas públicas con y sin apoyo de Educación Especial de nivel preescolar y primaria. Para evaluar la actitud se aplicó un instrumento de elaboración propia: un cuestionario de actitudes hacia las personas con discapacidad de escala tipo Likert de tres opciones y una encuesta para conocer contacto con personas con discapacidad. Los resultados indican que la población estudiantil de escuelas con apoyo de Educación Especial presenta una actitud más favorable hacia las personas con discapacidad. El contacto con personas con discapacidad es un factor que se asocia con diferencias significativas en cuanto a la actitud hacia las mismas, sobre todo cuando es resultado de una relación escolar. Además, se contrastaron variables sociodemográficas para identificar su influencia en dichas actitudes, como el sexo, edad y nivel escolar. Se concluye que la escuela puede constituirse como un elemento muy importante para generar actitudes favorables hacia las personas con discapacidad en sus estudiantes. |
| 650 #4 - ASIENTO SECUNDARIO DE MATERIA - TERMINO TEMATICO |
| Término de materia o nombre geográfico como elemento de entrada |
Integración escolar |
| 9 (RLIN) |
306 |
| 650 #2 - ASIENTO SECUNDARIO DE MATERIA - TERMINO TEMATICO |
| 9 (RLIN) |
14026 |
| Término de materia o nombre geográfico como elemento de entrada |
Discapacidades |
| 653 0# - TERMINO DE INDIZACION - NO CONTROLADO |
| Término no controlado |
Actitudes |
| 653 0# - TERMINO DE INDIZACION - NO CONTROLADO |
| Término no controlado |
Niñez |
| 773 ## - ENLACE AL DOCUMENTO FUENTE/ENTRADA DE REGISTRO ANFITRIÓN |
| Parte(s) relacionada(s) |
Vol. 17, no. 2 (2017), p. 1-25 |
| Título |
Actualidades investigativas en educación |
| Número Internacional Normalizado para Publicaciones Seriadas |
1409-4703 |
| 856 4# - LOCALIZACIÓN Y ACCESO ELECTRÓNICOS |
| Identificador Uniforme del Recurso |
<a href="https://revistas.ucr.ac.cr/index.php/aie/article/view/28673">https://revistas.ucr.ac.cr/index.php/aie/article/view/28673</a> |
| 856 4# - LOCALIZACIÓN Y ACCESO ELECTRÓNICOS |
| Identificador Uniforme del Recurso |
<a href="https://doi.org/10.15517/aie.v17i2.28673">https://doi.org/10.15517/aie.v17i2.28673</a> |
| 902 ## - ELEMENTOS DE DATOS B LOCAL, LDB (RLIN) |
| Creó |
Gloria Jiménez/1024 |
| 905 ## - TIPO DE MATERIAL |
| Tipo de material |
Articulo |
| 942 ## - ELEMENTOS DE PUNTO DE ACCESO ADICIONAL (KOHA) |
| Tipo de ítem Koha |
Artículo Electrónico |